AH International Schools' Libraries

Lord of the Fleas / (Record no. 38818)

MARC details
000 -LEADER
fixed length control field 00371nam a2200133 4500
020 ## - INTERNATIONAL STANDARD BOOK NUMBER
International Standard Book Number 978-0545935173
100 ## - MAIN ENTRY--PERSONAL NAME
Personal name Pilkey, Dav
9 (RLIN) 56311
245 ## - TITLE STATEMENT
Title Lord of the Fleas /
Statement of responsibility, etc Dav Pilkey
260 ## - PUBLICATION, DISTRIBUTION, ETC. (IMPRINT)
Place of publication, distribution, etc New York
Name of publisher, distributor, etc Scholastic
Date of publication, distribution, etc 2018
300 ## - PHYSICAL DESCRIPTION
Extent 251 p.
Other physical details col. iil. (hb.)
Dimensions 22 cm.
490 ## - SERIES STATEMENT
Series statement Dog Man
648 ## - SUBJECT ADDED ENTRY--CHRONOLOGICAL TERM
Chronological term Dog Man
Form subdivision Comic Book
General subdivision Juvenile Fiction
9 (RLIN) 67541
942 ## - ADDED ENTRY ELEMENTS (KOHA)
Source of classification or shelving scheme
Koha item type Book
Holdings
Withdrawn status Lost status Source of classification or shelving scheme Damaged status Not for loan Home library Current library Shelving location Date acquired Cost, normal purchase price Total Checkouts Total Renewals Full call number Barcode Checked out Date last seen Date checked out Price effective from Koha item type
          Asian Hope Primary Library Asian Hope Primary Library Junior Fiction 02/14/2019 10.99 92 3 J GRAPHIX PIL 207869 05/06/2026 04/29/2026 04/29/2026 02/14/2019 Book
          Asian Hope Primary Library Asian Hope Primary Library Junior Fiction 10/27/2025   8   J GRAPHIX PIL 208135 05/06/2026 04/29/2026 04/29/2026 10/27/2025 Books/GRAPHICS

For any Logos Library related questions please contact Miss Art at swongnarasuk@asianhope.org.

For any Asian Hope Library related questions please contact Miss Raza at graza@asianhope.org.

Powered by Koha